banner-ar

الفلسطينيون فى العالم العربى: بناء المؤسسات والبحث عن الدولة / (Record no. 45388)

MARC details
000 -الفاتح
حقل البيانات ثابتة الطول 00555nam a2200169Ia 4500
008 - عناصر البيانات ثابتة الطول - معلومات عامة
حقل البيانات ثابتة الطول 140319s9999 xx 000 0 ara d
040 ## - مصدر الفهرسة
وكالة الفهرسة الأصلية GCL /
وكالة النسخ GCL
082 04 - رقم تصنيف ديوى العشرى
رقم التصنيف 956.9
رقم المادة ل ف
100 1# - المدخل الرئيسى - إسم شخصى
الإسم الشخصى لورى ا. براند
245 10 - بيان العنوان
العنوان الفلسطينيون فى العالم العربى: بناء المؤسسات والبحث عن الدولة /
بيان المسئوليه,etc لورى ا. براند
260 ## - PUBLICATION, DISTRIBUTION, ETC. (IMPRINT)
تاريخ النشر أو التوزيع 1991
300 ## - الوصف المادى
التعداد 293 ص
490 ## - بيان السلسلة
عنوان السلسلة
650 04 - المدخل الاضافى بالموضوع-مصطلح موضوعى
مصطلح موضوعي فلسطين
942 ## - عناصر المدخل الإضافي( كوها)
مصدر التصنيف او مخطط الترفيف Dewey Decimal Classification
Koha [default] item type كتاب
260 ## - PUBLICATION, DISTRIBUTION, ETC. (IMPRINT)
-- [S.N] :
-- مؤسسة الدراسات الفلسطينية ،
Holdings
حالة التراجع حالة الفقد حالة تلف ليس للاعارة المكان المؤقت الموقع الحالى تاريخ الاكتساب اجمالي اﻻعارات رقم الطلب الباركود تاريخ اخر مشاهدة تاريخ تفعيل السعر نوع وعاء كوها
        مكتبة القاهرة الكبرى مكتبة القاهرة الكبرى 03/26/2014   956.9\ل ف 110693 03/26/2014 03/26/2014 كتاب

Powered By

EGPV